Spanish speaking countries on a map - Statistics

General Stats
  • This quiz has been taken 4,749 times
  • The average score is 14 of 20
Answers on the Map
Answers color-coded by a green-red scale on the quiz's map according to % correct below.
 
Answer Stats
Answer % Correct
Mexico
91%
Spain
86%
Chile
76%
Cuba
76%
Argentina
72%
Guatemala
72%
Dominican Republic
69%
Panama
69%
Equatorial Guinea
66%
Peru
66%
Colombia
65%
Uruguay
65%
Venezuela
65%
El Salvador
64%
Paraguay
64%
Ecuador
63%
Bolivia
62%
Costa Rica
62%
Honduras
61%
Nicaragua
61%
No matching quizzes found
Score Distribution
Percent of People with Each Score
Percentile by Number Answered
Your Score History
You have not taken this quiz